Name the Chemicals - Statistics

General Stats
  • This quiz has been taken 38 times
  • The average score is 7 of 10
Answer Stats
Question Answer % Correct
C₂H₆O Ethanol
100%
H₂O Water
100%
NH₃ Ammonia
75%
C₆H₆ Benzene
75%
Ca(ClO)₂ Calcium Hypochlorite
75%
HClO₄ Perchloric Acid
75%
CH₃COOH Vinegar
75%
C₁₂H₂₂O₁₁ Sugar
50%
(C₂S)₈ Sulflower
50%
C₆H₂(NO₂)₃CH₃ Trinitrotoluene
50%
No matching quizzes found
Score Distribution
Percent of People with Each Score
Percentile by Number Answered
Your Score History
You have not taken this quiz